000 00859nam a2200253 i 4500
001 bg
245 0 0 _aProspects for EU-US relationship /
_ced. by Ryszard Stemplowski ; The Polish Institute of International Affairs.
260 _aWarszawa :
_bPolski Instytut Spraw Międzynarodowych,
_ccop. 2001.
300 _a123 s., [4] s. tabl. :
_bfot., portr. ;
_c24 cm.
490 1 _aConferences
650 9 _aUnia Europejska a Stany Zjednoczone
650 9 _aStany Zjednoczone a Unia Europejska
655 _aMateriały konferencyjne
700 1 _aSTEMPLOWSKI, Ryszard.
_eRed.
710 0 _aPolski Instytut Spraw Międzynarodowych
830 _aConferences
020 _a8391576701
040 _cBPK
041 0 _aeng
080 _a338.22:327](4-67:73)"1989/..."
920 _a83-915767-0-1
942 _cKS
008 s pl f |000 0 pol
999 _c42785
_d42785
856 _uhttp://koha.tu.koszalin.pl/cgi-bin/koha/opac-detail.pl?biblionumber=42785
_yKatalog online BPK